000 009540000a22001210004500
100 1 _aDa Silva, Jorge Gregório
245 1 0 _aLa sociología crítica de la pertinencia del currículo
300 _anúm.41 (Oct. - Nov. , 2009), P. 36 - 44
520 _aEl artículo desarrolla el tema de la sociología crítica del currículo en el campo de la decisión política, desde el punto de vista organizativo y práctico. Igualmente, también a través del currículo, critica la estrategia del capital de promover el falseamiento de la realidad mediante la negación de la existencia de los currículos referidos a identidades y culturas hegemónicas que dominan el imaginario y el saber popular y refuerzan, implícitamente, las diferencias individuales y culturales.
650 1 4 _aSOCIOLOGIA DE LA EDUCACION - CURRICULO / MULTICULTURALISMO / CONOCIMIENTO / DIVERSIDAD CULTURAL
773 0 _tRevista internacional magisterio : educación y ped
942 _cANA
999 _c62958
_d62958